Statistics for Cast of Named Characters for the Book of Esther - Bible

Click here to take the quiz!

General Stats

  • This quiz has been taken 51 times
  • The average score is 6 of 44

Answer Stats

Answer% Correct
QueenEsther / Hadassah
96%
Daughter ofAbihail
74%
CousinMordecai
74%
QueenVashti
74%
VillainHaman
70%
KingAhasuerus / Xerxes
57%
King of BabylonNebuchadnezzar
34%
Son of (Tribe)Benjamin
28%
EunuchHarbona
11%
Wife of VillainZeresh
11%
Son of (Tribe)Agag
9%
EunuchBigtha
9%
Wise Man (Prince)Memucan
6%
Angry at the KingTeresh
6%
Son ofHammedatha
4%
Queen's AttendantHathach
4%
Wise Man (Prince)Shethar
4%
EunuchAbagtha
2%
Wise Man (Prince)Admatha
2%
Son of VillainAridai
2%
Son of VillainArisai
2%
Angry at the KingBigthan
2%
EunuchBiztha
2%
EunuchCarcas
2%
Wise Man (Prince)Carshena
2%
Keeper of the WomenHegai
2%
Son ofJair
2%
King of JudahJeconiah
2%
Wise Man (Prince)Marsena
2%
EunuchMehuman
2%
Wise Man (Prince)Meres
2%
Son of VillainParmashta
2%
Wise Man (Prince)Tarshish
2%
Son of VillainVajezatha
2%
EunuchZethar
2%
Son of VillainAdalia
0%
Son of VillainAridatha
0%
Son of VillainAspatha
0%
Son of VillainDalphon
0%
Son ofKish
0%
Son of VillainParshandatha
0%
Son of VillainPoratha
0%
Keeper of the ConcubinesShaashgaz
0%
Son ofShimei
0%

Score Distribution

Percentile by Number Answered

Percent of People with Each Score

Your Score History

You have not taken this quiz